|
|
|
|
| LEADER |
01868nam a2200313 a 4500 |
| 001 |
GR-MES15898 |
| 008 |
131015s2010 gr g 000 0 gre d |
| 020 |
|
|
|a 9789607860804
|
| 040 |
|
|
|a GrPaTEI
|b gre
|c GR-PaULI
|
| 040 |
|
|
|a GrPaTEI
|b gre
|c GR-PaULI
|
| 082 |
|
0 |
|a 658.804
|2 21
|
| 100 |
1 |
|
|a Aurier, Philippe
|
| 245 |
1 |
0 |
|a Marketing Αγροτικών Προ'ι'όντων και Τροφίμων =
|b La Marketing des produits agroalimentaires : οι ιδιαιτερότητες του κλάδου.Στρατηγικές-προγράμματα δράσης. /
|c Ρhilippe Aurier,Lucier Siniex ; Ροδάνθη Παπαδομιχελάκη ; ΝίκοςΖαρταμόπουλος.
|
| 250 |
|
|
|a 1η εκδ., c 2010
|
| 260 |
|
|
|a Αθήνα :
|b Προπομπός,
|c c2010
|
| 300 |
|
|
|a 398 σ. :
|b πιν.
|
| 500 |
|
|
|a Σύστημα εύδοξος αρ.εισ.26352-26351
|
| 500 |
|
|
|a Τμ.Τεχνολόγων Γεωπόνων (Αμαλιάδα) αρ.εισ. 26351
|
| 610 |
0 |
4 |
|a Σύστημα εύδοξος Τμήμα Τεχνολόγων Γεωπόνων (Αμαλιάδα)
|
| 650 |
|
4 |
|a Γεωργικά προ'ι'όντα
|x Μάρκετινγκ
|z Γαλλία
|
| 650 |
|
4 |
|a Μάρκετινγκ
|
| 700 |
1 |
|
|a Sirieix, Lucie
|
| 700 |
1 |
|
|a Ζαρταμόπουλος, Νίκος
|
| 700 |
1 |
|
|a ΠΑΠΑΔΟΜΙΧΕΛΑΚΗ, ΡΟΔΑΝΘΗ
|
| 942 |
|
|
|2 ddc
|
| 971 |
|
|
|a .b25819471
|b 08-10-20
|c 13-09-16
|
| 999 |
|
|
|c 158465
|d 158465
|
| 952 |
|
|
|0 0
|1 0
|2 ddc
|4 0
|6 658_804000000000000_AUR
|7 0
|9 273586
|a MSLG
|b MSLG
|c EUD
|d 2021-01-17
|e 24
|f 0
|g 0.00
|l 0
|o 658.804 AUR
|p 2420000026351
|r 2021-01-17
|t 1
|v 2021.00
|w 2021-01-17
|y BK15
|x Μεταφορά από Αμαλιάδα (18/10/22)
|x GrPaTEI
|
| 952 |
|
|
|0 0
|1 0
|2 ddc
|4 0
|6 658_804000000000000_AUR
|7 0
|9 273587
|a MSLG
|b MSLG
|c EUD
|d 2021-01-17
|e 24
|f 0
|g 0.00
|l 0
|o 658.804 AUR
|p 2420000026352
|r 2021-01-17
|t 1
|v 2021.00
|w 2021-01-17
|y BK15
|x 20131015 0 0
|x GrPaTEI
|